La fragilidad del bien: fortuna y ética en la tragedia y la filosofía griega

Պահպանված է:
Մատենագիտական մանրամասներ
Հիմնական հեղինակ: Nussbaum, Martha Craven (autora)
Այլ հեղինակներ: Ballesteros Jaraiz, Antonio (traducción)
Ձևաչափ: Գիրք
Լեզու:իսպաներեն
Հրապարակվել է: Madrid. España: Machado Libros, 2015
Հրատարակություն:Edición revisada y ampliada
Շարք:La Balsa de la Medusa, 202
Խորագրեր:
Ցուցիչներ: Ավելացրեք ցուցիչ
Չկան պիտակներ, Եղեք առաջինը, ով նշում է այս գրառումը!

MARC

LEADER 00000cam a2200000 a 4500
001 UCD2505
003 CL-VaPUC
005 20220914165358.0
008 160428e20150000sp |||||||||||||||||spa|d
999 |c 363667  |d 363665 
020 |a 978-84-7774-305-7 
040 |c Pontificia Universidad Católica de Valparaíso 
082 0 4 |a 179.9 NUS 2015  |2 21 
100 |a Nussbaum, Martha Craven  |e autora  |9 518695 
245 1 3 |a La fragilidad del bien: fortuna y ética en la tragedia y la filosofía griega 
250 |a Edición revisada y ampliada 
260 |a Madrid. España:  |b Machado Libros,  |c 2015 
300 |a 561 páginas 
490 0 |a La Balsa de la Medusa, 202 
500 |a c.2. Donación V.A. Nelson Vásquez para Historia. 12/04/2022 
583 |a last modification  |c 20160428 21:50:00  |k Rodrigo Vera 
650 0 |a Ética  |9 255099 
650 0 |a Virtudes  |9 309526 
650 0 |a Bien y mal   |9 311093 
650 0 |a Filosofía griega  |9 265579 
650 0 |a Escuelas filosóficas   |9 266232 
650 0 |a Filosofía antigua   |9 255705 
700 |a Ballesteros Jaraiz, Antonio  |e traducción  |9 870552 
942 |c BK  |2 ddc 
945 |d 20160428 21:50:00  |a arojas 
952 |0 0  |1 0  |3 erb  |4 0  |6 179_900000000000000_NUS_2015  |7 0  |8 A  |9 476299  |a BIBART  |b BIBART  |i 5284090  |l 1  |o 179.9 NUS 2015  |p 5284090  |r 2025-03-13  |s 2023-12-01  |w 2019-11-24  |y BK  |z Catalogado en:20160428  |k ART 
952 |0 0  |1 0  |2 ddc  |4 0  |6 179_900000000000000_NUS_2015  |7 0  |8 A  |9 583613  |a BIBHIS  |b BIBHIS  |c GEN  |d 2022-06-13  |e Donación  |i 5651750  |o 179.9 NUS 2015  |p 5651750  |r 2025-01-20  |t 2  |w 2022-06-13  |y BK  |k HIS